Manual de entrenamiento del ciclista /

Detalles Bibliográficos
Autor principal: Friel, Joe (Autor)
Otros Autores: Estany, Imma (Traductor)
Formato: Electrónico eBook
Lenguaje:español
inglés
Publicado: [Barcelona] : Paidotribo, [2021]
Edición:1a edición.
Materias:
Acceso en línea:Digitalia Hispánica

MARC

LEADER 00000nam a2200000Ii 4500
001 DIGEDPBR0388
003 NyNyDIG
006 m o d
007 cr |||||||||||
008 260105s2021 sp a ob 001 0 spa d
035 |a (OCoLC)1570096668 
040 |a DGITA  |b eng  |e rda  |e pn  |c DGITA 
020 |a 9788499109862  |q ePub 
020 |z 9788499100739 
041 1 |a spa  |h eng 
050 1 4 |a GV1048 ebook 
100 1 |a Friel, Joe,  |e author. 
240 1 0 |a Cyclist's training bible.  |l Spanish  |s (Estany) 
245 1 0 |a Manual de entrenamiento del ciclista /  |c Joe Friel ; traducción, Imma Estany. 
250 |a 1a edición. 
264 1 |a [Barcelona] :  |b Paidotribo,  |c [2021] 
300 |a 1 online resource :  |b illustrations. 
336 |a text  |b txt  |2 rdacontent 
337 |a computer  |b c  |2 rdamedia 
338 |a online resource  |b cr  |2 rdacarrier 
347 |a text file  |2 rdaft 
347 |b EPUB 
504 |a Includes bibliographical references and index. 
588 0 |a Online resource; title from ePub title page (Digitalia, viewed January 5, 2026) 
650 0 |a Cycling   |x  Training. 
700 1 |a Estany, Imma,  |e translator. 
700 1 |i Translation of:  |a Friel, Joe.  |t Cyclist's training bible. 
791 2 |a Digitalia (Firm),  |e distributor. 
793 0 |g Digitalia eBook Collection:  |a Editorial Paidotribo 
776 0 8 |i Print version:  |a Friel, Joe.  |s Cyclist's training bible. Spanish (Estany).  |t Manual de entrenamiento del ciclista.  |b 1a edición, 4a reimpresión.  |d [Barcelona] : Paidotribo, [2021]  |z 9788499100739 
856 4 0 |3 Digitalia Hispánica  |u https://www.digitaliapublishing.com/a/160037/ 
910 |a Premium collection: 2026